Guia d'estiu 2003
Descripción Física:
256 p. : il. col. ; 27 cm
MARC
| LEADER | 00000nam a2200000Ia 4500 | ||
|---|---|---|---|
| 001 | 15327 | ||
| 008 | 160829s9999 xx 000 0 cat d | ||
| 080 | |a M-4-307 | ||
| 245 | |a Guia d'estiu 2003 | ||
| 260 | |a Girona : |b Revista Presència, DL 2003 | ||
| 300 | |a 256 p. : |b il. col. ; |c 27 cm | ||
| 590 | |a A la part inferior de la portada: Presència | ||
| 650 | |a Catalunya |x Guies |9 31557 | ||
| 650 | |a Turisme |x Catalunya |x Guies |9 31558 | ||
| 651 | 0 | |a Catalunya |x Descripcions i viatges |9 54165 | |
| 901 | |a Arxiu | ||
| 942 | |n 1 | ||
| 952 | |0 0 |1 0 |4 0 |6 M4307 |7 1 |9 45668 |a Arxiu |b Arxiu |d 2016-12-01 |l 0 |o M-4-307 |p 15327 |r 2016-12-01 00:00:00 |w 2016-12-01 |y ARXIU | ||
| 999 | |c 49168 |d 49168 | ||